000 00291nam a2200133Ia 4500
100 _aHanda/R
942 _cBK
654 _aDesign
245 _aHandas Design Data(Mechanical)
260 _bSatya prakashan
_aNew Delhi
_c1987
082 _a621.815
_bHAN
300 _a780
546 _aENGLISH
999 _c28400
_d28400